000
00331nam a2200133Ia 4500
008
210312s9999||||xx |||||||||||||| ||und||
041
_a
osm
050
_a
PL248
050
_b
G877.B46
100
_a
Gürpınar, Hüseyin Rahmi
245
0
_a
Ben deli miyim?
260
_c
1925
650
_a
Edebiyat--Türk edebiyatı--Roman ve hikaye
999
_c
22065
_d
22065